000 00290nam a22001337a 4500
008 181029b xxu||||| |||| 00| 0 eng d
020 _a2740231736627
041 _aeng
080 _27 ED
_a710
100 _a45
101 _aART
245 _aWorld Of Art
_cSayre.H.M
942 _2udc
_cBK
999 _c50999
_d50999